000 02232nam0a2200349 i 4500
001 RU\NLR\bibl\1996661
005 20260407090045.0
021 _aRU
_b2013-1167
_977
035 _a(NLR Aleph) 001985066
090 _a4145039
_c4145039
100 _a20130205d2012 k||y0rusy50 ca
101 0 _arus
_akom
102 _aRU
105 _aa||||||||||||
200 1 _aАнатолий Константинович Микушев
_eстатьи. Воспоминания. Письма
_fИн-т яз., лит. и истории [и др.
_gредкол.: П.Ф. Лимеров (отв. ред.) и др.]
210 _aСыктывкар
_cИнститут языка, литературы и истории Коми НЦ УрО РАН
_d2012
215 _a301 с., [4] л. ил., портр.
_cпортр.
_d21
300 _aВ надзаг. также: Коми науч. центр Ур. отд-ния РАН, Музей истории просвещения Коми края, Сыктывкар. гос. ун-т, М-во нац. политики Респ. Коми
300 _aЧасть текста на яз. коми
320 _aБиблиогр. тр. А.К. Микушева: с. 276-295 (459 назв.) и в подстроч. примеч.
320 _aЛит. об А.К. Микушеве: с. 295-296
600 1 _aМикушев
_bА.К.
_f1926 - 1993
_gАнатолий Константинович
_jСборники
_91863874
_3RU\NLR\AUTH\661136530
686 1 _aШ2г(2=Ко)7дМикушев
702 1 _4340
_7ca
_8rus
_aЛимеров
_bП. Ф.
_f1958-
_gПавел Фёдорович
_9164051
_3RU\NLR\AUTH\770164095
702 1 _4570
_8rus
_7ca
_aМикушев
_bА.К.
_f1926-1993
_gАнатолий Константинович
_3RU\NLR\AUTH\7718895
_91971
712 0 2 _4570
_aИнститут языка, литературы и истории
_cСыктывкар
_3RU\NLR\AUTH\8813567
_9300157
801 0 _aRU
_bNLR
_c20130205
_gRCR
801 1 _aRU
_bNLR
_c20130205
942 _cBOOK
980 _aNBR